| 000 | 00702nam a2200229 i 4500 | ||
|---|---|---|---|
| 001 | 91117 | ||
| 003 | ES-MaACL | ||
| 007 | t| | ||
| 008 | 050127m19851986fr ||||1| fre d | ||
| 020 | _a2-226-01728-3 | ||
| 100 | 1 |
_aLeroi-Gourhan, André. _971788 |
|
| 245 | 1 | 3 |
_aLe geste et la parole / _cAndré Leroi-Gourhan. |
| 260 |
_aParís : _bAlbin Michel, _c[1985-86] |
||
| 300 |
_a2 v. : _bil. ; _c21 cm. |
||
| 490 | 1 | _aSciences d'aujourd'hui | |
| 500 | _aIndice. | ||
| 504 | _aBibliografía. | ||
| 505 | 8 | _aContiene: V. I: Technique et langage. -- V. II: La mémoire et les rythmes | |
| 830 | 0 |
_aSciences d'aujourd'hui _9186352 |
|
| 852 |
_aES-MaACL _jG-7082-3 _bR.114881 |
||
| 999 |
_c91117 _d91117 |
||